000 01261cam a22003134a 4500
999 _c1396
_d1396
001 14069297
003 GZU
005 20201014110639.0
008 050809s2005 dcu b 001 0 eng
010 _a 2005043450
020 _a9780821363621
020 _a082136362X
040 _aDLC
_cDLC
_dDLC
042 _apcc
043 _ad------
050 0 0 _aHC59.72.P6
_bSHA 2005
245 0 0 _aReducing poverty on a global scale :
_blearning and innovating for development : findings from the Shanghai global learning initiative /
_cedited by Blanca Moreno-Dodson.
260 _aWashington, DC :
_bWorld Bank,
_cc2005.
300 _axvii, 267 p. ;
_c23 cm. +
_e1 CD-ROM (4 3/4 in.)
504 _aIncludes bibliographical references and index.
650 0 _aPoverty
_zDeveloping countries
_vCase studies.
650 0 _aEconomic assistance
_zDeveloping countries
_vCase studies.
650 0 _aEconomic development projects
_zDeveloping countries
_vCase studies.
700 1 _aMoreno-Dodson, Blanca.
_eeditor
710 2 _aWorld Bank.
_eCorporate name
906 _a7
_bcbc
_corignew
_d1
_eocip
_f20
_gy-gencatlg
942 _2lcc
_cBK
_h59.72.P6
_iSHA
_kHC